00460nam a2200145 a 450000100100000000500170001000800410002704000250006810000170009324500960011026000350020630000210024153400280026270000240029000004014820201002033939.0130809s1972 xxu 000 0 spa d aDO-SdBNPbspacBNPHU1 aPaz, Octavio10aThe other méxico :bcritique of the pyramid /cOctavio Paz ; translated by Lysander Kemp. aNew York :bGrove, cop,c1972. a148 p. ;c20 cm. aTraducido del español1 aKemp, Lysanderetr.